000 00255nam a2200097Ia 4500
001 761172
005 20250826165202.0
008 250824s9999 xx 000 0 und d
245 0 _aBOŞANDIM DİYEMEDİM
_cSEMİN GÜLER OĞURTAN
260 _bÇİZGİ YAYINLARI
999 _c761172
_d761172